THE STORY OF GOD/ (Record no. 191944)

MARC details
000 -LEADER
fixed length control field 00648nam a22002057a 4500
005 - DATE AND TIME OF LATEST TRANSACTION
control field 20220907155601.0
008 - FIXED-LENGTH DATA ELEMENTS--GENERAL INFORMATION
fixed length control field 220907b ||||| |||| 00| 0 eng d
010 ## - LCCN (DPL NO)
LC control number B-745469
020 ## - INTERNATIONAL STANDARD BOOK NUMBER
International Standard Book Number 9789390261253
Terms of availability 295-00
035 ## - SYSTEM CONTROL NUMBER
System control number B-745469
037 ## - SOURCE OF ACQUISITION
Source of stock number/acquisition Walnut publication
100 ## - MAIN ENTRY--PERSONAL NAME
Personal name Karkra, B.K.
245 ## - TITLE STATEMENT
Title THE STORY OF GOD/
Statement of responsibility, etc B.K.Karkra
250 ## - EDITION STATEMENT
Edition statement First
260 ## - PUBLICATION, DISTRIBUTION, ETC. (IMPRINT)
Place of publication, distribution, etc Bhubaneswar
Name of publisher, distributor, etc Walnut Publisher
Date of publication, distribution, etc 2020
270 ## - ADDRESS
Address 722,Esplanade One,Rasulgarh
City Bhubaneswar
Postal code 751010
300 ## - PHYSICAL DESCRIPTION
Extent VIII,235
942 ## - ADDED ENTRY ELEMENTS (KOHA)
Source of classification or shelving scheme Dewey Decimal Classification
Item type English Books
Classification part 230.31
Call number suffix KAR
Holdings
Withdrawn status Lost status Source of classification or shelving scheme Damaged status Not for loan Collection code Home library Current library Date acquired Source of acquisition Total Checkouts Full call number Barcode Date last seen Copy number Cost, replacement price Koha item type Public note
    Dewey Decimal Classification     Non-fiction Kadipur Kadipur 07/09/2022 2022-09-07   230.31 KAR B-745469 07/09/2022 1 295.00 English Books GIft

© Delhi Public Library
Hit Counter
free hit counter